| 000 | 01126nam a2200289 i 4500 | ||
|---|---|---|---|
| 003 | DO-SdBNP | ||
| 005 | 20240522090105.0 | ||
| 006 | a||||gr|||| 00| 0 | ||
| 007 | ta | ||
| 008 | 240521t2016 dr ac||| |||| 00| 0 spa d | ||
| 020 | _a9789945086829 | ||
| 040 |
_aDO-SdBNP _bspa _cBNPHU _erda |
||
| 082 | 4 |
_222 _bP343g |
|
| 100 |
_aPayán Areché, Luis Ramón, _d1956- _914489 _eautor |
||
| 245 | 1 | 3 |
_aDe General a mudo: _bcómo enfrentar una discapacidad inesperada / _cLuis Ramón Payán Areché; cuidado de edición y estilo, Lillibel Blanco Fernández. |
| 264 | 4 |
_aSanto Domingo : _bCorripio, _c©2016 |
|
| 300 |
_a133 páginas : _bilustraciones, fotofrafías, retratos ; _c23 cm. |
||
| 336 |
_2rdacontent _atexto _btxt |
||
| 337 |
_2rdamedia _asin mediación _bn |
||
| 338 |
_2rdacarrier _avolumen _bnc |
||
| 500 | _aIncluye datos biográficos del autor en las solapas de las cubiertas. | ||
| 504 | _aBibliografía: página 133. | ||
| 590 | _aInventariado 2024 / MF | ||
| 600 | 4 |
_aPayán Areché, Luis Ramón, _d1956- _914489 _xBiografía |
|
| 700 | 4 |
_aBlanco Fernández, Lillibel Noemí, _926150 _eeditor |
|
| 942 |
_2ddc _cLBS1 |
||
| 999 |
_c56716 _d56716 |
||